| 000 | 01241cam a22003373a 4500 | ||
|---|---|---|---|
| 001 | 16412287 | ||
| 003 | OSt | ||
| 005 | 20140310182017.0 | ||
| 008 | 960322s1996 nyua j 000 1 eng d | ||
| 010 | _a 97809025 | ||
| 020 | _a0553482750 | ||
| 035 | _a(OCoLC)ocm34433664 | ||
| 040 |
_aJDP _cJDP _dSLC _dOCL _dDLC |
||
| 050 |
_aPZ 7 _b.H551 1996 |
||
| 082 | 0 | 4 |
_aKF _bH42sh 1996 |
| 100 | 1 |
_aHerman, Hank. _96686 |
|
| 245 | 1 | 0 |
_aTrash talk / _cHank Herman. |
| 260 |
_aNew York : _bBantam Books, _cc1996. |
||
| 300 |
_a90 p. ; _bill. ; _c20 cm. |
||
| 490 | 1 |
_aSuper hoops ; _v#3 |
|
| 520 | _aWhen the Branford Bulls' coaches go off to basketball camp, Will and Brian both want to run the show. Pretty soon the whole team is divided, and Brian and Will aren't even speaking to each other. | ||
| 541 | _j1 | ||
| 562 | _eFor circulation.1 copy available in the collection | ||
| 650 | 0 |
_aBasketball _vJuvenile fiction. _96687 |
|
| 650 | 0 |
_aBasketball camps _vJuvenile fiction. _96688 |
|
| 650 | 0 |
_aBasketball stories. _96689 |
|
| 655 | 7 |
_aYoung adult fiction. _2lcsh _93735 |
|
| 710 | 2 |
_aCopyright Paperback Collection (Library of Congress) _5DLC _9705 |
|
| 906 |
_a7 _bcbc _ccopycat _d2 _encip _f19 _gy-genrareb |
||
| 942 |
_2lcc _cBK-KF _kKF |
||
| 999 |
_c8268 _d8268 |
||